| 000 | 00508nam a2200181Ia 4500 | ||
|---|---|---|---|
| 005 | 20250326125427.0 | ||
| 008 | 250326s9999 xx 000 0 und d | ||
| 037 | _aTextbook | ||
| 040 |
_aFMSL _beng _cFMSL |
||
| 041 |
_aeng _2eng |
||
| 084 |
_aY72:4:5.2 M0 _qFMSL |
||
| 100 | _aDeogaonkar S G | ||
| 245 | 0 |
_aProblems of development of tribal areas _cDeogaonkar S G |
|
| 260 |
_aDelhi _bDelhi, Leeladevi _c1980 |
||
| 300 | _a177p | ||
| 942 |
_cTB _hY72:4:5.2 M0 |
||
| 999 |
_c1278011 _d1278011 |
||